Countries By Number Of Bird Species - Statistics

General Stats
  • This quiz has been taken 25 times
  • The average score is 14 of 15
Answer Stats
Species Country % Correct
1,813 Brazil
100%
1,711 Indonesia
100%
1,858 Peru
100%
1,878 Colombia
95%
1,211 India
95%
1,104 Mexico
95%
1,004 Argentina
91%
1,288 China
91%
1,058 Kenya
91%
1,438 Bolivia
86%
1,107 Democratic Republic of The Congo
86%
1,622 Ecuador
86%
1,394 Venezuela
86%
1,075 Tanzania
82%
1,031 Myanmar
68%
No matching quizzes found
Score Distribution
Percent of People with Each Score
Percentile by Number Answered
Your Score History
You have not taken this quiz